| 000 | 00389pam a22001574a 4500 | ||
|---|---|---|---|
| 020 | _a0072493925 | ||
| 040 | _cDLC | ||
| 082 | 0 | 0 | _a658 PRO 2003 C324 Or. |
| 100 | 1 | _aHeerkens, Gary, | |
| 245 | 1 | 0 | _aProject management / |
| 300 |
_axiv, 250 pages : _billustrations ; _c23 cm |
||
| 490 | 1 | _aA Briefcase book | |
| 500 | _aIncludes index. | ||
| 650 | 0 | _aProject management. | |
| 942 | _cAEDBB | ||
| 999 |
_c22195 _d22195 |
||